Presidents of Argentina - Statistics

General Stats
  • This quiz has been taken 40 times
  • The average score is 32 of 56
Answer Stats
Hint Answer % Correct
2023- Javier Milei
100%
2007-2015 Cristina Fernández de Kirchner
97%
2003-2007 Néstor Kirchner
97%
2019-2023 Alberto Fernández
94%
1974-1976 Isabel Perón
94%
1946-1955 Juan Perón
94%
1973-1974 Juan Perón
94%
2015-2019 Mauricio Macri
85%
1989-1999 Carlos Menem
82%
1999-2001 Fernando de la Rúa
82%
1976-1981 Jorge Rafael Videla
76%
1983-1989 Raúl Alfonsín
76%
2002-2003 Eduardo Duhalde
71%
1963-1966 Arturo Umberto Illia
68%
1916-1922 Hipólito Yrigoyen
68%
1928-1930 Hipólito Yrigoyen
68%
1981-1982 Leopoldo Galtieri
68%
2001 Adolfo Rodríguez Saá
65%
1966-1970 Juan Carlos Onganía
65%
1874-1880 Nicolás Avellaneda
65%
2001 Ramón Puerta
65%
1868-1874 Domingo Faustino Sarmiento
62%
1955-1958 Pedro Eugenio Aramburu
62%
1861-1868 Bartolomé Mitre
59%
1895-1898 José Evaristo Uriburu
59%
1930-1932 José Félix Uriburu
59%
1880-1886 Julio Argentino Roca
59%
1898-1904 Julio Argentino Roca
59%
1970-1971 Roberto Marcelo Levingston
59%
1958-1962 Arturo Frondizi
56%
2001-2002 Eduardo Camaño
56%
1973 Héctor José Cámpora
56%
1971-1973 Alejandro Agustín Lanusse
50%
1892-1895 Luis Sáenz Peña
50%
1922-1928 Marcelo Torcuato de Alvear
50%
1981 Roberto Eduardo Viola
50%
1910-1914 Roque Sáenz Peña
50%
1942-1943 Ramón Castillo
47%
1914-1916 Victorino de la Plaza
47%
1932-1938 Agustín Pedro Justo
44%
1982-1983 Reynaldo Bignone
44%
1943 Arturo Rawson
41%
1944-1946 Edelmiro Julián Farrell
41%
1962-1963 José María Guido
38%
1886-1890 Miguel Ángel Juárez Celman
38%
1938-1942 Roberto Marcelino Ortiz
38%
1955 Eduardo Lonardi
35%
1943-1944 Pedro Pablo Ramírez
35%
1982 Alfredo Oscar Saint Jean
29%
1890-1892 Carlos Pellegrini
29%
1906-1910 José Figueroa Alcorta
29%
1904-1906 Manuel Quintana
29%
1973 Raúl Alberto Lastiri
26%
1981 Carlos Lacoste
21%
1930 Enrique Martínez
15%
1981 Horacio Tomás Liendo
9%
No matching quizzes found
Score Distribution
Percent of People with Each Score
Percentile by Number Answered
Your Score History
You have not taken this quiz